Jump into english : student's book 1 /
Guardado en:
| Autor Principal: | |
|---|---|
| Otros Autores: | |
| Formato: | Libro |
| Publicado: |
Buenos Aires :
Macmillan Heinemann,
2000
|
| Materias: | |
| Etiquetas: |
Agregar Etiqueta
Sin Etiquetas, Sea el primero en etiquetar este registro!
|
| LEADER | 00588nam a22001935a 4500 | ||
|---|---|---|---|
| 001 | CEM.cems010550 | ||
| 005 | 20080512110441.0 | ||
| 008 | 130507s2000##################000#0#####d | ||
| 003 | CEMS | ||
| 020 | |a 9879401328 | ||
| 082 | 0 | 4 | |a 428.64 |
| 100 | 1 | |a Altamirano, Ana Mónica | |
| 245 | 1 | 0 | |a Jump into english : |b student's book 1 / |c Ana Mónica Altamirano, Kathryn Harper |
| 260 | |a Buenos Aires : |b Macmillan Heinemann, |c 2000 | ||
| 300 | |a 96 p. | ||
| 653 | |a Inglés | ||
| 653 | |a Inglés-textos | ||
| 700 | 1 | |a Harper, Kathryn | |
| 859 | |a CEMS |b BIB. CEMS - 11 de abril |h 428.64 |i Al69 |p 21077.00 |t Ej.1 |v I |3 I | ||
